| 000 | 00516nam a2200181 a 4500 | ||
|---|---|---|---|
| 005 | 20240816063727.0 | ||
| 008 | 991125s1980 mx 000 0 spa u | ||
| 035 | _aUPN01000043785 | ||
| 049 | _aCG | ||
| 050 | 4 |
_aF1216 _bN6.6 |
|
| 100 | 1 |
_aNovo, Salvador, _d1904-1974 _929403 |
|
| 245 | 1 | 4 |
_aLos paseos de la Ciudad de México / _cSalvador Novo. |
| 260 |
_aMéxico : _bFCE, _c1980. |
||
| 300 |
_a62 p. : _bil. |
||
| 440 | 0 | _aTestimonios del Fondo | |
| 651 | 4 |
_aMéxico _xDescripción y viajes _910016 |
|
| 905 | _aLibro | ||
| 999 |
_c43785 _d43785 |
||